000 00468cam a2200181ua 4500
001 10660
008 190325n ii |||gr||||Z||||||eng
020 _a9788122430776
040 _cMAIN
082 _a338
100 _aR R Barthwal,
_eAuthor.
245 _aIndustrial economics
_ban introductory textbook
250 _a3rd rev ed.
260 _aNew Delhi:
_bNew age international limited publishers,
_c2016.
300 _a419p.
653 _aProduction
942 _cBK
999 _c9631
_d9631